Lataa...

Proceedings eleventh international conference on plasticulture and precision farming: November 17-21

Bibliografiset tiedot
Muut tekijät: Choudhary, M L, Prasanta Misra, Pitam Chandra, Bhattacharya, A K, Ashok Gahrotra, Rahul Sharma
Aineistotyyppi: Printed Book
Julkaistu: New Delhi International Conference on Plasticulture and Precision Farming 2005
Aiheet:
LEADER 00961nam a22002657a 4500
003 OSt
082 |a 635.048  |b CHO/PR 
245 |a Proceedings eleventh international conference on plasticulture and precision farming:  |b November 17-21 
260 |a New Delhi  |b International Conference on Plasticulture and Precision Farming  |c 2005 
300 |a 648p 
546 |a English 
650 |a Drip and Sprinkler Irrigation 
650 |a Nursery and Soil Solarization 
650 |a Mulching and Low Tunnel 
650 |a Greenhouse Technology 
650 |a Post Harvest Technology 
700 |a Choudhary, M L 
700 |a Prasanta Misra 
700 |a Pitam Chandra 
700 |a Bhattacharya, A K 
700 |a Ashok Gahrotra 
700 |a Rahul Sharma 
942 |2 ddc  |c BK 
999 |c 157895  |d 157895 
952 |0 0  |1 0  |2 ddc  |4 0  |6 635_048000000000000_CHOPR  |7 0  |8 Gen  |9 157678  |a KAUCLV  |b KAUCLV  |c GENERAL  |d 2017-12-13  |l 1  |o 635.048 CHO/PR  |p 806073  |r 2018-11-21  |s 2018-11-08  |w 2017-12-13  |y BK